Esquipulas y el conflicto interno en Centroamérica /

Se discute el impacto causado por Esquipulas II en el conflicto interno que tiene lugar en el Itsmo Centroamericano, examinando especialmente, el posible efecto de los acuerdos de paz en la búsqueda de una solución política negociada a esa situación. La crisis en esta región, tiene diversos aspectos...

Cijeli opis

Spremljeno u:
Bibliografski detalji
Glavni autor: Aguilera Peralta, Gabriel
Format: Tekst
Teme:
Oznake: Dodaj oznaku
Bez oznaka, Budi prvi tko označuje ovaj zapis!

MARC

LEADER 00000 a a2200000 04500
001 4473
003
040
100 |a Aguilera Peralta, Gabriel  
245 |a Esquipulas y el conflicto interno en Centroamérica /  |c Gabriel Aguilera Peralta 
500 |a También EN: Anuario de Estudios Centroamericanos (UCR. IIS), volumen 14, número 1-2, 1988. páginas 131-141. N° acceso: 10006.06  
520 |a Se discute el impacto causado por Esquipulas II en el conflicto interno que tiene lugar en el Itsmo Centroamericano, examinando especialmente, el posible efecto de los acuerdos de paz en la búsqueda de una solución política negociada a esa situación. La crisis en esta región, tiene diversos aspectos o niveles de de desarrollo, uno de ellos es el nivel de conflicto interno en el cual se enfrentan política y militarmente actores nacionales que propugnan modelos alternativos y excluyentes de ordenanamiento social. /EL  
650 |a PLANES DE PAZ  
650 |a CRISIS ESTRUCTURAL  
650 |a POLITICA REGIONAL  
650 |a FUERZAS ARMADAS  
650 |a GUERRILLA  
773 |g número 11; páginas 9-28  
999 |c 24455  |d 24455